Music Quiz

Random Music or Grab Bag Quiz

Match 'Em Up Blitz - Music Quiz Stats

Quiz Updated Sep 24, 2012

Challenge
Share
Tweet
Embed
Score 0/40 Timer 08:00
11 Plays Today
% Correct
OPENING LINES
100%
LINE
100%
SONG
100%
ARTIST
74.4%
SONG
74.3%
OPENING LINES COMPLETE
73.7%
PART 1
73.6%
PART 2
73.6%
SONG TITLES
73.6%
SONG TITLES UNLOCKED
73.5%
ARTISTS
73.2%
ARTISTS COMPLETE
73.1%
__
73.1%
AND THE __
73.1%
__ AND THE __
73.1%
__ AND THE __ UNLOCKED
73.1%
SONG TITLES COMPLETE
73%
ARTISTS UNLOCKED
73%
LYRICS
72.2%
PART1
72.1%
% Correct
PART2
72.1%
LYRICS UNLOCKED
72%
__ AND THE __ COMPLETE
72%
SONG 1
62.5%
SONG 2
62.5%
SAME ARTIST
62.5%
LYRICS COMPLETE
62.5%
SAME ARTIST UNLOCKED
62.4%
SONG
49%
ALBUM
48.1%
ALBUMS
47.5%
SAME ARTIST COMPLETE
47.4%
ALBUMS UNLOCKED
47.3%
SONG
32.1%
LINE
31.4%
CLOSING LINES
30.7%
ALBUMS COMPLETE
30.3%
CLOSING LINES UNLOCKED
30.2%
CLOSING LINES COMPLETE
11.4%
WELL DONE
11.3%

You're not logged in!

Compare scores with friends on all Sporcle quizzes.
Join for Free
OR
Log In

You Might Also Like...

Show Comments

Extras

Top Quizzes Today


Score Distribution

Your Account Isn't Verified!

In order to create a playlist on Sporcle, you need to verify the email address you used during registration. Go to your Sporcle Settings to finish the process.

Report this User

Report this user for behavior that violates our Community Guidelines.

Details: